Compendio de paleografía española, ó escuela de leer todas las letras que se han usado en España desde los tiempos más remotos hasta fines del siglo XVIII ... / (Registro nro. 4875)
[ vista simple ]
| 000 -CABECERA | |
|---|---|
| campo de control de longitud fija | 00689nam a22001577a 4500 |
| 005 - FECHA Y HORA DE LA ÚLTIMA TRANSACCIÓN | |
| campo de control | 20260624181429.0 |
| 008 - DATOS DE LONGITUD FIJA--INFORMACIÓN GENERAL | |
| campo de control de longitud fija | 260624b ||||| |||| 00| 0 eng d |
| 040 ## - FUENTE DE LA CATALOGACIÓN | |
| Centro/agencia transcriptor | ENA |
| 100 ## - ENTRADA PRINCIPAL--NOMBRE DE PERSONA | |
| Nombre de persona | Alverá Delgrás, D. Antonio |
| Fechas asociadas al nombre | 1815-1868 |
| 9 (RLIN) | 6359 |
| 245 10 - MENCIÓN DE TÍTULO | |
| Título | Compendio de paleografía española, ó escuela de leer todas las letras que se han usado en España desde los tiempos más remotos hasta fines del siglo XVIII ... / |
| Mención de responsabilidad, etc. | por D. Antinio Alverá Delgrás |
| Medio | [Recurso electrónico] |
| 260 ## - PUBLICACIÓN, DISTRIBUCIÓN, ETC. | |
| Lugar de publicación, distribución, etc. | Madrid: |
| Nombre del editor, distribuidor, etc. | Imprenta de D. Anselmo Santa Coloma, |
| Fecha de publicación, distribución, etc. | 1857 |
| 300 ## - DESCRIPCIÓN FÍSICA | |
| Extensión | [107] p. |
| 650 #0 - PUNTO DE ACCESO ADICIONAL DE MATERIA--TÉRMINO DE MATERIA | |
| 9 (RLIN) | 548 |
| Término de materia o nombre geográfico como elemento de entrada | Paleografía |
| 856 ## - LOCALIZACIÓN Y ACCESO ELECTRÓNICOS | |
| Identificador Uniforme del Recurso | https://archive.org/details/compendiodepaleo00alve/page/n3/mode/2up |
| 942 ## - ELEMENTOS DE PUNTO DE ACCESO ADICIONAL (KOHA) | |
| Tipo de ítem Koha | Recursos electrónicos |
No hay ítems disponibles.